000 00500nam a2200193Ia 4500
005 20250923150138.0
008 008 250917s9999 xx 000 0 eng d
037 _aTextual
040 _aDSWL
_beng
_cDSWL
041 _aeng
_2eng
084 _qDSWL
245 0 _aHuman rights : Concept and standards
_cEd. by J Symonides
260 _aJaipur
_bRawat Publications India
_c2002
300 _a373p.
365 _aINR
_b795
925 _g795
942 _cTEXL
999 _c1460062
_d1460062